| Tag |
First Indicator |
Second Indicator |
Subfields |
| LEADER |
00000cam a22000008a 4500 |
| 001 |
in00004494513 |
| 005 |
20191203130904.0 |
| 008 |
020813s2002 pau b 001 0 eng |
| 010 |
|
|
|a 2002033205
|
| 016 |
7 |
|
|a 101152281
|2 DNLM
|
| 020 |
|
|
|a 1930513348
|
| 035 |
|
|
|a (OCoLC)ocm50477294
|
| 035 |
|
|
|z (UtOrBLW)33364
|
| 035 |
|
|
|a 49355
|
| 040 |
|
|
|a DNLM/DLC
|c DLC
|d NLM
|d UtOrBLW
|
| 042 |
|
|
|a pcc
|
| 049 |
|
|
|a TMVM
|c 1
|
| 050 |
0 |
0 |
|a R705
|b .O83 2002
|
| 060 |
1 |
0 |
|a WZ 305
|b O828q 2002
|
| 060 |
|
4 |
|a WZ 305
|b O82q 2003
|
| 082 |
0 |
0 |
|a 610
|2 21
|
| 100 |
1 |
|
|a Osler, William,
|c Sir,
|d 1849-1919.
|
| 245 |
1 |
4 |
|a The quotable Osler /
|c edited by Mark E. Silverman, T. Jock Murray, Charles S. Bryan.
|
| 264 |
|
1 |
|a Philadelphia :
|b American College of Physicians,
|c 2003.
|
| 300 |
|
|
|a xxxv, 283 pages :
|b illustrations ;
|c 24 cm.
|
| 336 |
|
|
|a text
|2 rdacontent
|b txt
|
| 337 |
|
|
|a unmediated
|2 rdamedia
|
| 338 |
|
|
|a volume
|2 rdacarrier
|b nc
|
| 504 |
|
|
|a Includes bibliographical references and index.
|
| 505 |
0 |
|
|a Personal qualities -- The art and practice of medicine -- The medical profession -- Diagnosis -- Disease, specific illnesses, lifestyle, drugs -- Medical education -- Men and women, aging, history -- Science and truth -- Faith, religion, melancholy, death
|
| 600 |
1 |
0 |
|a Osler, William,
|c Sir,
|d 1849-1919.
|
| 650 |
|
2 |
|a Medicine.
|
| 655 |
|
2 |
|a Aphorisms and Proverbs.
|
| 655 |
|
2 |
|a Collected Works.
|
| 700 |
1 |
|
|a Silverman, Mark E.
|
| 700 |
1 |
|
|a Murray, T. J.
|
| 700 |
1 |
|
|a Bryan, Charles S.
|
| 710 |
2 |
|
|a American College of Physicians--American Society of Internal Medicine.
|
| 999 |
|
|
|a MARS
|
| 999 |
f |
f |
|s b35d0c20-9bb8-3327-9ee1-6b1bd401e414
|i 3e930cbf-b51b-3738-8045-7f63bdbe8533
|t 0
|
| 952 |
f |
f |
|p ric
|a Texas A&M University
|b Rellis Campus
|c Joint Library Facility
|d Remote Storage
|t 0
|e WZ 305 O82q 2003
|h National Library of Medicine classification
|i unmediated -- volume
|m 3238901726659
|
| 998 |
f |
f |
|a WZ 305 O82q 2003
|t 0
|l Remote Storage
|